|
|
|
|
| LEADER |
01381nam a2200301 a 4500 |
| 001 |
1617534 |
| 008 |
090531r20021996 enk b 001 0 eng d |
| 010 |
|
|
|a 95044854
|
| 020 |
|
|
|a 0521560535 (hardcover)
|
| 020 |
|
|
|a 052156851X (pbk.)
|
| 020 |
|
|
|a 0521633923 (low price pbk.)
|
| 040 |
|
|
|a DLC
|c DLC
|d DLC
|
| 082 |
0 |
0 |
|a 410
|2 20
|
| 100 |
1 |
|
|a Yule, George,
|d 1947-
|
| 245 |
1 |
4 |
|a The study of language /
|c George Yule.
|
| 250 |
|
|
|a 2nd ed.
|
| 260 |
|
|
|a Cambridge [England] ;
|a New York :
|b Cambridge University Press,
|c 1996.[Reprinted 2005]
|
| 300 |
|
|
|a xiii, 294 p. ;
|c 24 cm.
|
| 504 |
|
|
|a Includes bibliographical references (p. 261-285) and index.
|
| 541 |
1 |
|
|e 00009434
|
| 650 |
|
0 |
|a Language and languages.
|
| 650 |
|
0 |
|a Linguistics.
|
| 852 |
4 |
|
|a Ayesha Abed Library
|j General shelf
|
| 942 |
0 |
0 |
|0 4
|
| 999 |
|
|
|c 1173
|d 1173
|
| 952 |
|
|
|0 0
|1 0
|2 ddc
|4 0
|6 410_YUL_200200000000000
|7 0
|9 1060
|a BRACUL
|b BRACUL
|c GEN
|d 2009-06-24
|g 0.00
|l 34
|m 234
|o 410 YUL
|p 3010009434
|r 2025-01-14
|s 2024-12-12
|t 1
|w 2009-06-24
|y BK
|x No price found in the accession register.
|
| 952 |
|
|
|0 0
|1 0
|2 ddc
|4 0
|6 410_YUL_200200000000000
|7 0
|9 9888
|a BRACUL
|b BRACUL
|c GEN
|d 2010-05-06
|l 46
|m 275
|o 410 YUL
|p 3010009432
|r 2025-11-24
|s 2025-11-02
|t 2
|w 2010-05-06
|y BK
|
| 952 |
|
|
|0 0
|1 0
|2 ddc
|4 0
|6 410_YUL_200200000000000
|7 0
|9 9917
|a BRACUL
|b BRACUL
|c GEN
|d 2010-05-09
|l 31
|m 146
|o 410 YUL
|p 3010009435
|r 2026-04-20
|s 2026-04-16
|t 3
|w 2010-05-09
|y BK
|